00000000nas 2200000zi 4500
0019.930931
003CaOODSP
00520250106111723
006m     o  d f      
007cr cn ||||||||
008231128c20239999picar p o    f0###a0eng|d
022 |a2817-8718
040 |aCaOODSP|beng|erda|cCaOODSP
043 |an-cn---
0861 |aV1-18E-PDF
1101 |aCanada. |bVeterans Affairs Canada, |eauthor, |eissuing body.
222 0|aVeterans Affairs Canada's accessibility progress report
24510|aVeterans Affairs Canada's accessibility progress report.
264 1|aCharlottetown, PE : |bVeterans Affairs Canada = Anciens combattants Canada, |c[2023]-
310 |aAnnual
336 |atext|btxt|2rdacontent
337 |acomputer|bc|2rdamedia
338 |aonline resource|bcr|2rdacarrier
3621 |aBegan with: 2023.
500 |aIssued also in French under title: Rapport d'étape d'Anciens combattants Canada en matière d'accessibilité.
588 |aDescription based on: 2023; title from PDF cover page.
588 |aLatest issue consulted: 2023.
61010|aCanada. |bVeterans Affairs Canada|vPeriodicals.
650 0|aBarrier-free design|zCanada|xPlanning|vPeriodicals.
650 0|aPeople with disabilities|xGovernment policy|zCanada|vPeriodicals.
655 7|aPeriodicals|2lcgft
77508|tRapport d'étape d'Anciens combattants Canada en matière d'accessibilité.|w(CaOODSP)9.930932